000 01084nam a22003017a 4500
999 _c14481
_d14481
003 MIRAKIL
005 20210813163336.0
008 210813b tu ||||| |||| 00| 0 tur d
020 _a9754701458 (t.k)
020 _a9754703019 (c.3)
040 _aTR-AnCHP
_btur
_cTR-AnCHP
041 _atur
082 _aCHP 956.1024
_bP26t 1992
100 _aParla, Taha
245 _aTürkiye'de siyasal kültürün resmi kaynakları:
_bKemalist tek-parti ideolojisi ve CHP' nin altı ok'u /
_cTaha Parla.
246 _aKemalist tek-parti ideolojisi ve CHP' nin altı ok'u
260 _aİstanbul:
_bİletişim Yayınları,
_c1995.
_fŞefik Matbaası
300 _a3. c. , 392 s.:
_c20 sm.
440 _aİletişim Yayınları
_v196.
490 _aAraştırma-İnceleme Dizisi;
_v34.
610 _aCumhuriyet Halk Partisi (CHP)
_xPropaganda ve ideolojiler
650 _aSiyaset ve yönetim
_xTürkiye
650 _aTek partili dönem
_xTürkiye
650 _akemalizm
_xTürkiye
740 _aKemalist tek-parti ideolojisi ve CHP' nin altı ok'u
942 _2ddc
_cBKS
999 _d14481